| 000 | 00339nam a22001097a 4500 | ||
|---|---|---|---|
| 082 |
_a297.12 _bQUR |
||
| 100 |
_aہارون یحییٰ _9100 |
||
| 245 |
_aقرآن اور ہماری زندگی Quran and Hamari Zindagi / _cہارون یحییٰ |
||
| 260 |
_aLahore, _bZeyah e adab _c2006. |
||
| 300 |
_a188p. ; _bHardbinding |
||
| 942 |
_2ddc _cBK |
||
| 999 |
_c593688 _d593688 |
||